Fracture of rubber vulcanizates: Application of energy conserrvation - Paper presented at ITEC `96, 12 September 1996 (Record no. 41065)

MARC details
000 -LEADER
fixed length control field 00390nam a2200121Ia 4500
082 ## - DEWEY DECIMAL CLASSIFICATION NUMBER
Classification number NR:62:678.028
Item number HAM
100 ## - MAIN ENTRY--AUTHOR NAME
Personal name Hamed, Gray R
245 #0 - TITLE STATEMENT
Title Fracture of rubber vulcanizates: Application of energy conserrvation - Paper presented at ITEC `96, 12 September 1996
260 ## - PUBLICATION, DISTRIBUTION, ETC. (IMPRINT)
Place of publication Akron
Year of publication 1996
650 ## - SUBJECT ADDED ENTRY--TOPICAL TERM
Topical Term Energy conservation
942 ## - ADDED ENTRY ELEMENTS (KOHA)
Koha item type Books
Holdings
Withdrawn status Lost status Damaged status Not for loan Home library Current library Date acquired Cost, normal purchase price Full call number Accession Number Koha item type
        RRII Library RRII Library 16/12/2021 300.00 NR:62:678.028 HAM 21357 Books